Stati per lunghezza della Rete stradale - Statistics

Statistiche generali
  • Questo quiz è stato fatto 34 volte
  • Il punteggio medio è 10 su 10
Statistiche sulle risposte
Lunghezza rete stradale (km) Continente Nazione % Corretto
873 573 Oceania Australia
100%
2 000 000 America del Sud Brasile
100%
1 042 300 America del Nord Canada
100%
5 350 000 Asia Cina
100%
1 053 215 Europa Francia
100%
1 538 875 Asia / Europa Russia
100%
6 832 000 America del Nord Stati Uniti
100%
6 700 000 Asia India
97%
1 218 772 Asia Giappone
93%
850 000 Asia Indonesia
83%
Nessun quiz corrispondente trovato
Distribuzione punteggi
Percentuale di utenti per punteggio
Percentile per numero di risposta
I tuoi punteggi nel tempo
Non hai fatto questo quiz